Train Stations on the Glen Waverley Line - Statistics

General Stats
  • This quiz has been taken 13 times
  • The average score is 18 of 20
Answer Stats
Closest to Flinders St. Answer % Correct
8 Burnley
100%
7 East Richmond
100%
3 Flagstaff
100%
18 Mount Waverley
100%
6 Richmond
100%
2 Southern Cross
100%
19 Syndal
100%
15 East Malvern
88%
1 Flinders Street
88%
13 Glen Iris
88%
20 Glen Waverley
88%
9 Heyington
88%
17 Jordanville
88%
10 Kooyong
88%
4 Melbourne Central
88%
5 Parliament
88%
11 Tooronga
88%
12 Gardiner
75%
16 Holmesglen
75%
14 Darling
63%
No matching quizzes found
Score Distribution
Percent of People with Each Score
Percentile by Number Answered
Your Score History
You have not taken this quiz